Music Quiz

Random Music or Lyrics Quiz
Score 0/299 Timer 10:00
0 Plays Today
% Correct
a
100%
and
100%
a
100%
the
100%
the
100%
the
100%
the
100%
the
100%
the
100%
the
100%
the
100%
the
100%
the
100%
the
100%
and
100%
the
100%
the
100%
and
100%
the
100%
the
100%
the
100%
the
100%
the
100%
the
100%
the
100%
the
100%
the
100%
the
100%
the
100%
it
98.2%
blame
98.2%
it
98.2%
on
98.2%
blame
98.2%
it
98.2%
on
98.2%
blame
98.2%
it
98.2%
on
98.2%
blame
98.2%
it
98.2%
on
98.2%
blame
98.2%
on
98.2%
blame
98.2%
it
98.2%
on
98.2%
blame
98.2%
it
98.2%
on
98.2%
blame
98.2%
it
98.2%
on
98.2%
blame
98.2%
it
98.2%
on
98.2%
blame
98.2%
it
98.2%
on
98.2%
blame
98.2%
it
98.2%
on
98.2%
blame
98.2%
on
98.2%
blame
98.2%
it
98.2%
on
98.2%
on
98.2%
blame
98.2%
it
98.2%
on
98.2%
on
98.2%
blame
98.2%
it
98.2%
on
98.2%
blame
98.2%
it
98.2%
on
98.2%
blame
98.2%
on
98.2%
blame
98.2%
it
98.2%
on
98.2%
blame
98.2%
it
98.2%
on
98.2%
blame
98.2%
it
98.2%
on
98.2%
blame
98.2%
it
98.2%
on
98.2%
blame
98.2%
it
98.2%
on
98.2%
blame
98.2%
it
98.2%
on
98.2%
blame
98.2%
it
98.2%
% Correct
on
98.2%
blame
98.2%
it
98.2%
blame
98.2%
it
98.2%
it
98%
you
96.5%
you
96.5%
you
96.5%
you
96.5%
you
96.5%
you
96.5%
you
96.5%
you
96.5%
rain
96.5%
you
96.5%
you
96.5%
rain
96.5%
you
96.5%
rain
96.5%
you
96.5%
you
96.5%
you
96.5%
you
96.5%
you
96.5%
you
96.5%
you
96.5%
you
96.5%
you
96.5%
rain
96.5%
you
96.5%
you
96.5%
rain
96.5%
rain
96.5%
rain
96.5%
rain
96.5%
you
96.5%
rain
96.5%
you
96.5%
you
96.5%
you
96.5%
rain
96.5%
rain
96.5%
rain
96.5%
you
96.5%
rain
96.5%
rain
96.5%
rain
96.5%
do
93%
do
93%
do
93%
do
93%
don't
91.2%
don't
91.2%
don't
91.2%
don't
91.2%
don't
91.2%
don't
91.2%
don't
91.2%
stars
89.5%
stars
89.5%
to
89.5%
stars
89.5%
stars
89.5%
whatever
87.7%
put
87.7%
so
87.7%
whatever
87.7%
put
87.7%
blame
87.7%
whatever
87.7%
put
87.7%
to
84.2%
to
84.2%
that
82.5%
that
82.5%
that
82.5%
yeah
82.5%
yeah
82.5%
that
82.5%
that
82.5%
that
82.5%
yeah
82.5%
yeah
82.5%
that
82.5%
that
82.5%
yeah
82.5%
yeah
82.5%
yeah
82.5%
yeah
82.5%
yeah
82.5%
yeah
82.5%
that
82.5%
somethin'
78.9%
somethin'
78.9%
fallin'
78.9%
fallin'
78.9%
shine
78.9%
night
78.9%
somethin'
78.9%
% Correct
somethin'
78.9%
fallin'
78.9%
fallin'
78.9%
shine
78.9%
night
78.9%
got
78.9%
somethin'
78.9%
fallin'
78.9%
fallin'
78.9%
shine
78.9%
night
78.9%
shine
78.9%
night
78.9%
your
77.2%
just
77.2%
just
77.2%
didn't
75.4%
her
75.4%
her
75.4%
her
75.4%
her
75.4%
her
75.4%
can
73.7%
have
73.7%
have
73.7%
can
73.7%
can
73.7%
said
71.9%
need
71.9%
said
71.9%
but
71.9%
but
71.9%
had
70.2%
like
70.2%
no
70.2%
had
70.2%
feel
68.4%
feel
68.4%
feel
68.4%
told
66.7%
love
66.7%
gotta
66.7%
gotta
66.7%
at
66.7%
told
66.7%
were
66.7%
could
66.7%
were
66.7%
were
66.7%
gotta
66.7%
gotta
66.7%
at
66.7%
at
66.7%
at
66.7%
fool
64.9%
was
64.9%
was
64.9%
was
64.9%
good
63.2%
same
63.2%
same
63.2%
such
61.4%
couldn't
61.4%
be
61.4%
now
59.6%
let
59.6%
now
59.6%
she
59.6%
sorry
56.1%
care
56.1%
goodbye
54.4%
walk
54.4%
away
54.4%
want
54.4%
wrong
52.6%
if
52.6%
cause
52.6%
wish
50.9%
strong
50.9%
with
49.1%
still
47.4%
should
47.4%
prove
47.4%
still
47.4%
back
47.4%
sacrificed
45.6%
been
43.9%
mind
43.9%
here
40.4%
again
40.4%
pride
38.6%
her
38.6%
hadn't
38.6%
might
38.6%
satisfy
36.8%
come
35.1%
then
29.8%
blinded
28.1%
baby
24.6%
Come Together.
Have Fun.
All Virtual.
We all need to come together. Play Sporcle's virtual live trivia to have fun, connect with people, and get your trivia on. Join a live hosted trivia game for your favorite pub trivia experience done virtually. If a virtual private party is more your thing, go here for details.

You're not logged in!

Compare scores with friends on all Sporcle quizzes.
OR
Log In

Sporcle TV

Today on Sporcle TV


Watch our educational content, quiz creation guides, and fun videos on Sporcle TV.

Show Comments

Extras

Top Quizzes Today


Score Distribution

Paid Content

Your Account Isn't Verified!

In order to create a playlist on Sporcle, you need to verify the email address you used during registration. Go to your Sporcle Settings to finish the process.

Report this User

Report this user for behavior that violates our Community Guidelines.

Details: